Catálogo público

Metodología diagnóstica de ovinos y caprinos / (Record no. 218105)

MARC details
000 -CABECERA
campo de control de longitud fija 00709 a2200217 4500
003 - IDENTIFICADOR DEL NÚMERO DE CONTROL
campo de control OSt
005 - FECHA Y HORA DE LA ÚLTIMA TRANSACCIÓN
campo de control 20230616133924.0
008 - DATOS DE LONGITUD FIJA--INFORMACIÓN GENERAL
campo de control de longitud fija 230118s2018 mx a||||r|||| 00| 0 spa d
020 ## - NÚMERO INTERNACIONAL ESTÁNDAR DEL LIBRO
Número Internacional Estándar del Libro 9786071734068
040 ## - FUENTE DE LA CATALOGACIÓN
Centro/agencia transcriptor CHAP
082 04 - NÚMERO DE LA CLASIFICACIÓN DECIMAL DEWEY
Número de edición 22
Número de clasificación 636.3084
Número de documento/Ítem G64
100 1# - ENTRADA PRINCIPAL--NOMBRE DE PERSONA
9 (RLIN) 146590
Nombre de persona González Carro, Miguel Ángel
245 00 - MENCIÓN DE TÍTULO
Título Metodología diagnóstica de ovinos y caprinos /
Mención de responsabilidad, etc. por Miguel Ángel González Carro.
264 #1 - PRODUCCIÓN, PUBLICACIÓN, DISTRIBUCIÓN, FABRICACIÓN Y COPYRIGHT
Producción, publicación, distribución, fabricación y copyright Ciudad de México :
Nombre del de productor, editor, distribuidor, fabricante Trillas,
Fecha de producción, publicación, distribución, fabricación o copyright 2018.
300 ## - DESCRIPCIÓN FÍSICA
Extensión 288 páginas.
Otras características físicas figuras, tablas.
505 ## - NOTA DE CONTENIDO CON FORMATO
Información miscelánea Incluye bibliografía e índice.
650 #4 - PUNTO DE ACCESO ADICIONAL DE MATERIA--TÉRMINO DE MATERIA
9 (RLIN) 141299
Término de materia o nombre geográfico como elemento de entrada Ovejas
Subdivisión general Enfermedades
650 #4 - PUNTO DE ACCESO ADICIONAL DE MATERIA--TÉRMINO DE MATERIA
9 (RLIN) 143023
Término de materia o nombre geográfico como elemento de entrada Cabras Enfermedades
650 #4 - PUNTO DE ACCESO ADICIONAL DE MATERIA--TÉRMINO DE MATERIA
9 (RLIN) 137478
Término de materia o nombre geográfico como elemento de entrada Medicina veterinaria
942 ## - ELEMENTOS DE PUNTO DE ACCESO ADICIONAL (KOHA)
Tipo de ítem Koha
Fuente del sistema de clasificación o colocación Dewey Decimal Classification
Holdings
Estado de retiro Estado de pérdida Fuente del sistema de clasificación o colocación Estado dañado Restricciones de uso No para préstamo Código de colección Localización permanente Ubicación/localización actual Ubicación en estantería Fecha de adquisición Total de préstamos Renovaciones totales Signatura topográfica completa Código de barras Fecha visto por última vez Fecha del último préstamo Precio válido a partir de Tipo de ítem Koha Número de copia
    Dewey Decimal Classification   Préstamo 15 días   General Biblioteca Central Biblioteca Central Planta principal - Colección General 16/06/2023 2 1 636.3084 G64 33724002576736 19/06/2025 18/02/2025 16/06/2023 Libro  
    Dewey Decimal Classification   Préstamo 15 días   General Biblioteca Central Biblioteca Central Planta principal - Colección General 16/06/2023 2   636.3084 G64 33724002576777 19/05/2025 14/05/2025 16/06/2023 Libro c.2